|
|
|
|
| LEADER |
00000nab a2200000 a 4500 |
| 001 |
vtls000137668 |
| 003 |
SK-MaSNL |
| 005 |
20260304062038.0 |
| 008 |
250422c1982 xo 0 slo |
| 015 |
|
|
|a SNBRB19rr/mm-uuuuu
|
| 035 |
|
|
|a CL0147774
|
| 035 |
|
|
|a urn:nbn:sk:snk-ab3o9
|
| 035 |
|
|
|a (urnnbn)urn:nbn:sk:snk:ar-0059fy
|
| 035 |
|
|
|a (uuid)917749a7-aff0-4baa-81f1-df52757ea3b8
|
| 040 |
|
|
|a SNKBUCL
|b slo
|c SNKBUCL
|e AACR2
|
| 041 |
0 |
|
|a slo
|
| 044 |
|
|
|a xo
|c SK
|
| 080 |
|
|
|a 71
|2 1981
|
| 080 |
|
|
|a 630
|2 1981
|
| 080 |
|
|
|a 631.92
|2 1981
|
| 100 |
1 |
|
|a Tužinský, Ladislav,
|d 1938-
|4 aut
|9 111094
|
| 245 |
1 |
0 |
|a Tvorba krajiny ČSSR z hľadiska poľnohospodárstva a lesníctva
|c Ladislav Tužinský
|
| 650 |
0 |
7 |
|a krajina
|2 snkbucl
|9 15725
|
| 650 |
0 |
7 |
|a lesníctvo
|2 snkbucl
|9 1255
|
| 650 |
0 |
7 |
|a poľnohospodárstvo
|2 snkbucl
|9 679
|
| 655 |
|
7 |
|a články z novín a časopisov
|2 snkbucl
|9 267496
|
| 773 |
0 |
|
|t Lesnícky časopis
|g Roč. 28, č. 6 (1982), s. 492-494
|
| 787 |
0 |
8 |
|i Rec.:
|t Tvorba krajiny ČSSR z hľadiska poľnohospodárstva a lesníctva
|d Praha, Bratislava. : Academia, Veda, 1981
|
| 850 |
|
|
|a Slovenská národná knižnica
|
| 852 |
|
|
|a Slovenská národná knižnica
|
| 954 |
|
|
|a odborná, vedecká literatúra pôvodná (slovenská)
|2 lita
|
| 958 |
|
|
|a article2022
|
| 958 |
|
|
|a OND
|
| 958 |
|
|
|a RK
|
| 958 |
|
|
|a EUIPO
|
| 992 |
|
|
|a RBX
|
| 999 |
|
|
|c 2736233
|d 2738163
|